书目信息 |
| 题名: |
寻找彩虹的人:劳伦斯
|
|
| 作者: | 伍厚恺 著 | |
| 分册: | ||
| 出版信息: | 成都 四川人民出版社 1998.01 |
|
| 页数: | 392页 | |
| 开本: | 32开 | |
| 丛书名: | ||
| 单 册: | ||
| 中图分类: | K835.615.6 | |
| 科图分类: | ||
| 主题词: | 历史 , 地理 | |
| 电子资源: | ||
| ISBN: | 7-220-03699-X | |
| 000 | 00580nam0 2200205 45 | |
| 001 | 0008091695 | |
| 005 | 20000809164725.7 | |
| 010 | @a7-220-03699-X@d17.00元 | |
| 100 | @a20000809d1998 km y0chiy0120 ea | |
| 101 | 0 | @achi |
| 105 | @a z 000yy | |
| 200 | 1 | @a寻找彩虹的人:劳伦斯@AXun Zhao Cai Hong De Ren:Lao Lun Si@f伍厚恺著@FWu Hou Kai Zhu |
| 210 | @a成都@c四川人民出版社@d1998.01 | |
| 215 | @a392页@d32开 | |
| 606 | 0 | @a历史 |
| 606 | 0 | @a地理 |
| 690 | @aK835.615.6@v3 | |
| 701 | 0 | @a伍厚恺@4著 |
| 801 | @aCN@bPftUser@c20000809 | |
| 905 | @b101100-104@dK835.615.6@eW372@f5 | |
| 寻找彩虹的人:劳伦斯/伍厚恺著.-成都:四川人民出版社,1998.01 |
| 392页;32开 |
| ISBN 7-220-03699-X:17.00元 |
| ● |
| 相关链接 |
|
|
|
正题名:寻找彩虹的人:劳伦斯
索取号:K835.615.6/W372
 
预约/预借
| 序号 | 登录号 | 条形码 | 馆藏地/架位号 | 状态 | 备注 |
| 1 | 101100 | 201011001 | 社科库309/309社科库 4排2列3层/ [索取号:K835.615.6/W372] | 在馆 | |
| 2 | 101101 | 201011010 | 社科库309/309社科库 4排2列3层/ [索取号:K835.615.6/W372] | 在馆 | |
| 3 | 101102 | 201011029 | 社科库309/309社科库 102排3列6层/ [索取号:K835.615.6/W372] | 在馆 | |
| 4 | 101103 | 201011038 | 社科库309/309社科库 4排2列3层/ [索取号:K835.615.6/W372] | 在馆 | |
| 5 | 101104 | 201011047 | 社科库309/309社科库 102排3列6层/ [索取号:K835.615.6/W372] | 在馆 |